| 000 | 00720cam a2200217 a 4500 | ||
|---|---|---|---|
| 001 | 000006528 | ||
| 005 | 20200929153939.0 | ||
| 008 | 830404s1982 cl 000 0aspa d | ||
| 040 |
_aDO-SdBNP _bspa _cLC _dBNPHU |
||
| 082 |
_a928.83 _bE26q |
||
| 100 | 1 |
_aEdwards, Isabel. _918121 |
|
| 245 | 1 | 0 | _a¿Quién soy? |
| 260 |
_a[Santiago, Chile] : _bAgrupación Amigos del Libro, _c[1982]. |
||
| 300 |
_a44 p. ; _c18 cm. |
||
| 490 | 1 | _aQuién es quién en las letras chilenas? | |
| 600 | 1 | 0 |
_aEDWARDS, ISABEL _xBIOGRAFÍA _918122 |
| 650 | 4 |
_aAutoras chilenas authors, chilean _ySIGLO XX _xBiografía _918123 |
|
| 830 | 0 |
_a¿Quién es quién en las letras chilenas? ; _918124 |
|
| 910 | _aCatalogación derivada | ||
| 049 | _aBNGR | ||
| 999 |
_c6319 _d6319 |
||